000 00376nam a2200121Ia 4500
008 220620s9999||||xx |||||||||||||| ||und||
245 0 _aTerrorism and Developing Countries
546 _aEnglish[eng]
650 _aSociology
700 _aAbdul Rehman Khan, Syed||Yu, Zhang
856 _uhttps://mts.intechopen.com/storage/books/6939/authors_book/authors_book.pdf
942 _cEB
999 _c26653
_d26653